AH International Schools' Libraries

Managing people in education / (Record no. 49657)

MARC details
000 -LEADER
fixed length control field 00612nam a2200157 4500
020 ## - INTERNATIONAL STANDARD BOOK NUMBER
International Standard Book Number 1853963364 (pbk.) :
245 00 - TITLE STATEMENT
Title Managing people in education /
Statement of responsibility, etc edited by Tony Bush and David Middlewood.
260 ## - PUBLICATION, DISTRIBUTION, ETC. (IMPRINT)
Place of publication, distribution, etc London :
Name of publisher, distributor, etc Paul Chapman Publishing Ltd.,
Date of publication, distribution, etc c1997.
300 ## - PHYSICAL DESCRIPTION
Extent xv, 224 p. :
Other physical details ill. ;
Dimensions 24 cm.
490 1# - SERIES STATEMENT
Series statement Educational management : research and practice
504 ## - BIBLIOGRAPHY, ETC. NOTE
Bibliography, etc Includes bibliographical references and indexes.
650 #0 - SUBJECT ADDED ENTRY--TOPICAL TERM
Topical term or geographic name as entry element School personnel management.
Geographic subdivision Great Britain.
9 (RLIN) 86784
700 1# - ADDED ENTRY--PERSONAL NAME
Personal name Bush, Tony,
Dates associated with a name 1943-
Relator term editor.
9 (RLIN) 86753
700 1# - ADDED ENTRY--PERSONAL NAME
Personal name Middlewood, David.
Relator term editor.
9 (RLIN) 86315
942 ## - ADDED ENTRY ELEMENTS (KOHA)
Source of classification or shelving scheme
Koha item type Teacher's Resources
Holdings
Withdrawn status Lost status Source of classification or shelving scheme Damaged status Not for loan Collection code Home library Current library Shelving location Date acquired Full call number Barcode Date last seen Price effective from Koha item type
          TEACHERS' RESOURCES Asian Hope Secondary Library Asian Hope Secondary Library SECONDARY 10/15/2025 371.2 BUS 208334 10/15/2025 10/15/2025 Teacher's Resources

For any Logos Library related questions please contact Miss Art at swongnarasuk@asianhope.org.

For any Asian Hope Library related questions please contact Miss Raza at graza@asianhope.org.

Powered by Koha